Junior dictionary & thesaurus

Bibliographic Details
Format: Book
Published: London : Miles Kelly Publishing House , 2013
Series:7 - 9 yearold
Subjects:

MARC

LEADER 00000cam a2200000 7i4500
001 0000042563
005 20140824.0
008 140824
020 |a 1848104792 
090 0 0 |a DIC   |b ENG 
245 1 0 |a Junior dictionary & thesaurus 
260 |a London :   |b Miles Kelly Publishing House ,   |c 2013 
440 |a 7 - 9 yearold 
650 0 |a Dictionary. 
999 |a 0001293052   |b Book   |c Children Collection   |e Perbadanan Perpustakaan Awam Johor